[Event "EU-ch U20"]
[Site "Groningen"]
[Date "1982.??.??"]
[Round "7"]
[White "Ehlvest, Jaan"]
[Black "Condie, Mark L"]
[Result "1-0"]
[WhiteElo "2450"]
[BlackElo "2310"]

1.e4 c5 2.Nf3 e6 3.d4 cxd4 4.Nxd4 Nf6 5.Nc3 d6 6.f4 a6 7.Be2 Be7 8.a4 Qc7
9.O-O O-O 10.Be3 Nc6 11.Qe1 Nxd4 12.Bxd4 e5 13.Be3 exf4 14.Bxf4 Be6 15.Qg3 Kh8
16.e5 dxe5 17.Bxe5 Qb6+ 18.Kh1 Rg8 19.Rad1 Rae8 20.b3 Qc6 21.Bf3 Qc8 22.Ne2 Nd7
23.Bc3 Bf6 24.Bxf6 Nxf6 25.Nd4 Re7 26.Rfe1 Rge8 27.c4 Bg4 28.Rxe7 Rxe7 29.Bxg4 Qxg4
30.Qxg4 Nxg4 31.Nf5 Re8 32.Nd6 Re7 33.Nf5 Re8 34.Nd6 Re7 35.Kg1 g6 36.c5 Kg8
37.b4 Ne5 38.b5 axb5 39.axb5 Rc7 40.Rd5 Ng4 41.Rd4 f5 42.h3 Nf6 43.c6 bxc6
44.b6 Re7 45.Kf2 Ne4+ 46.Rxe4 fxe4 47.b7 Rxb7 48.Nxb7 h5 49.Ke3 Kh7 50.Kxe4 Kh6
51.Kf4  1-0

[Event "EU-ch U20"]
[Site "Groningen"]
[Date "1982.??.??"]
[Round "12"]
[White "King, Daniel J"]
[Black "Ehlvest, Jaan"]
[Result "1/2-1/2"]
[WhiteElo "2365"]
[BlackElo "2450"]

1.c4 Nf6 2.Nf3 g6 3.Nc3 Bg7 4.d4 d5 5.cxd5 Nxd5 6.Qb3 Nxc3 7.bxc3 c5 8.e3 O-O
9.Be2 Nc6 10.O-O b6 11.Ba3 Na5 12.Qb2 Qc7 13.Rac1 Bb7 14.Rfd1 Rab8 15.Qc2 Rfd8
16.Nd2 cxd4 17.cxd4 Qxc2 18.Rxc2 e5 19.dxe5 Bxe5 20.Rdc1 Rbc8 21.Nf3 Bf6
22.Bb4 Rxc2 23.Rxc2 Nc6 24.Bc3 Kg7 25.Kf1 Rd5  1/2-1/2

[Event "EU-ch U20"]
[Site "Groningen"]
[Date "1982.??.??"]
[Round "13"]
[White "Ehlvest, Jaan"]
[Black "Gudmundsson, Elvar"]
[Result "1/2-1/2"]
[WhiteElo "2450"]
[BlackElo "2320"]

1.e4 c5 2.Nf3 Nc6 3.d4 cxd4 4.Nxd4 g6 5.c4 Bg7 6.Be3 Nf6 7.Nc3 O-O 8.Be2 d6
9.O-O Bd7 10.Rc1 Nxd4 11.Bxd4 Bc6 12.f3 a5 13.Qd2 Nd7 14.Be3 Nc5 15.b3 Kh8
16.Nd5 f5 17.Bg5 Bxd5 18.exd5 Qb6 19.Kh1 Rfe8 20.Rb1 e5 21.Be3 f4 22.Bxc5 Qxc5
23.Bd3 e4 24.Bxe4 Be5 25.Qf2 b6  1/2-1/2

[Event "URS-ch sf"]
[Site "Ivano Frankovsk"]
[Date "1982.??.??"]
[Round "?"]
[White "Ehlvest, Jaan"]
[Black "Gorelov, Sergey G"]
[Result "1/2-1/2"]
[WhiteElo "2450"]
[BlackElo "2470"]

1.d4 d5 2.c4 c6 3.Nf3 Nf6 4.Nc3 e6 5.Bg5 h6 6.Bxf6 Qxf6 7.Qc2 Nd7 8.e4 dxe4
9.Qxe4 Bd6 10.Bd3 c5 11.d5 Ne5 12.Nxe5 Bxe5 13.O-O Bxc3 14.bxc3 Qxc3 15.dxe6 Bxe6
16.Qxb7 O-O 17.Qe4 g6  1/2-1/2

[Event "URS-ch sf"]
[Site "Ivano Frankovsk"]
[Date "1982.??.??"]
[Round "?"]
[White "Petrosian, Arshak B"]
[Black "Ehlvest, Jaan"]
[Result "1-0"]
[WhiteElo "2485"]
[BlackElo "2450"]

1.d4 Nf6 2.c4 e6 3.Nf3 c5 4.d5 exd5 5.cxd5 d6 6.Nc3 g6 7.Nd2 Bg7 8.Nc4 O-O
9.Bf4 Na6 10.e3 Ne8 11.Qd2 Nac7 12.a4 b6 13.Be2 Ba6 14.O-O f5 15.Bg3 Qe7
16.Rfe1 Rd8 17.Rad1 Nf6 18.b3 Bb7 19.Bh4 h6 20.f4 Rde8 21.Bf3 Qd7 22.e4 fxe4
23.Nxe4 Nxe4 24.Rxe4 Rxe4 25.Bxe4 Kh7 26.Rf1 Bd4+ 27.Bf2 Bxf2+ 28.Rxf2 Rf6
29.Qd3 Ba6 30.f5 g5 31.Qc3 Qe7 32.Nd2 Kg8 33.h4 Kf8 34.Qg3 gxh4 35.Qxh4 Ne8
36.Bc2 Qe1+ 37.Kh2 Qe5+ 38.g3 Ng7 39.Ne4 Rxf5 40.Qd8+ Kf7  1-0

[Event "WchT U26"]
[Site "Chicago"]
[Date "1983.??.??"]
[Round "?"]
[White "Ehlvest, Jaan"]
[Black "Levacic, Damir"]
[Result "1/2-1/2"]
[WhiteElo "2460"]
[BlackElo "2275"]

1.e4 c5 2.Nf3 d6 3.d4 cxd4 4.Nxd4 Nf6 5.Nc3 Nc6 6.Bc4 Qb6 7.Nb3 e6 8.O-O Be7
9.a4 O-O 10.Be2 Qc7 11.a5 Nb4 12.Ra4 d5 13.exd5 exd5 14.Bg5  1/2-1/2

[Event "URS-ch sf"]
[Site "Volgodonsk"]
[Date "1983.??.??"]
[Round "?"]
[White "Yurtaev, Leonid"]
[Black "Ehlvest, Jaan"]
[Result "0-1"]
[WhiteElo "2360"]
[BlackElo "2460"]

1.e4 c5 2.Nf3 e6 3.d3 Nc6 4.g3 d5 5.Nbd2 Bd6 6.Bg2 Nge7 7.O-O O-O 8.Re1 Bc7
9.c3 a5 10.a4 b6 11.e5 Ba6 12.d4 cxd4 13.cxd4 b5 14.Nf1 bxa4 15.Ne3 Rb8 16.Rxa4 Qd7
17.h4 Rb4 18.Ra3 Rfb8 19.h5 h6 20.Rc3 a4 21.Ng4 Nf5 22.Bxh6 Nxh6 23.Nf6+ gxf6
24.Qc1 Rc4 25.Qxh6 Qe7 26.Re4 Nxe5 27.dxe5 Qf8 28.Qxf8+ Kxf8 29.Rexc4 Bxc4
30.exf6 Rxb2 31.h6 Bd8 32.Ne5 Bxf6 33.Nd7+ Ke7 34.Nxf6 Kxf6 35.g4 Rb5 36.g5+ Kg6
37.Be4+ f5 38.gxf6 Kxf6 39.Rc1 a3 40.Kg2 a2  0-1

[Event "URS-ch sf"]
[Site "Volgodonsk"]
[Date "1983.??.??"]
[Round "?"]
[White "Ehlvest, Jaan"]
[Black "Vaisser, Anatoli"]
[Result "1-0"]
[WhiteElo "2460"]
[BlackElo "2485"]

1.d4 e6 2.Nf3 Nf6 3.c4 b6 4.Nc3 Bb4 5.e3 Ne4 6.Qc2 Bb7 7.Bd3 f5 8.O-O Bxc3
9.bxc3 O-O 10.Ne1 Qh4 11.f3 Ng5 12.c5 bxc5 13.Rb1 Bc6 14.Ba3 Rf6 15.Qf2 Qh5
16.dxc5 e5 17.Bc4+ Kf8 18.Qg3 f4 19.exf4 exf4 20.Qg4 Nxf3+ 21.gxf3 Rg6 22.Ng2 Rxg4
23.fxg4  1-0

[Event "URS-ch sf"]
[Site "Volgodonsk"]
[Date "1983.??.??"]
[Round "?"]
[White "Ehlvest, Jaan"]
[Black "Azmaiparashvili, Zurab"]
[Result "0-1"]
[WhiteElo "2460"]
[BlackElo "2455"]

1.d4 d6 2.Nf3 g6 3.g3 Bg7 4.Bg2 Nd7 5.c4 e5 6.Nc3 Ne7 7.O-O O-O 8.e4 Nc6
9.Bg5 Bf6 10.Bxf6 Qxf6 11.d5 Ne7 12.Qd2 b6 13.Ng5 h6 14.Nh3 Qg7 15.f4 Ba6
16.b3 exf4 17.gxf4 Rae8 18.Rae1 f5 19.e5 Kh7 20.e6 Nf6 21.a4 Bb7 22.a5 a6
23.axb6 cxb6 24.Qd4 Ng4 25.Qxg7+ Kxg7 26.Na4 Nc8 27.b4 Nf6 28.Rd1 b5 29.cxb5 axb5
30.Nc3 Nb6 31.Rd4 Re7 32.Ra1 Rc8 33.Ra3 Rc4 34.Rxc4 Nxc4 35.Ra7 Kf8 36.Bf3 Nd2
37.Bg2 Nc4 38.Bh1 Nb6 39.Nxb5 Bxd5 40.Ra6 Rxe6 41.Bxd5 Nbxd5 42.Kf2  0-1

[Event "URS-ch sf"]
[Site "Volgodonsk"]
[Date "1983.??.??"]
[Round "?"]
[White "Ehlvest, Jaan"]
[Black "Gulko, Boris F"]
[Result "1/2-1/2"]
[WhiteElo "2460"]
[BlackElo "2490"]

1.d4 d5 2.c4 dxc4 3.Nf3 a6 4.e3 Nf6 5.Bxc4 e6 6.O-O c5 7.dxc5 Bxc5 8.Qxd8+ Kxd8
9.a3 Ke7 10.b4 Bd6 11.Bb2 Nbd7 12.Nbd2 b5 13.Bd3 Bb7 14.Rfd1 Rhc8 15.Kf1 g6
16.h3 Rc7 17.Rac1 Rac8 18.Rxc7 Rxc7 19.e4 e5 20.Ke2 Nh5 21.g3 Ng7 22.Rc1 Rxc1
23.Bxc1 Nb6 24.Bb2 f6 25.h4 Bc8 26.Ne1 Bg4+ 27.f3 Be6 28.Ng2 Nh5 29.Nf1 Nc4
30.Bc1 f5 31.exf5 gxf5 32.Kf2 Bc7 33.Nge3 Bb6 34.Kg2 Nxg3 35.Kxg3 f4+ 36.Kf2  1/2-1/2

[Event "URS-ch sf"]
[Site "Volgodonsk"]
[Date "1983.??.??"]
[Round "?"]
[White "Ehlvest, Jaan"]
[Black "Guseinov, Aidyn"]
[Result "1-0"]
[WhiteElo "2460"]
[BlackElo "2200"]

1.e4 c5 2.Nf3 e6 3.d4 cxd4 4.Nxd4 Nf6 5.Nc3 Nc6 6.Ndb5 Bb4 7.a3 Bxc3+ 8.Nxc3 d5
9.exd5 exd5 10.Bd3 O-O 11.O-O Bg4 12.f3 Be6 13.Bg5 Qb6+ 14.Kh1 Nd7 15.f4 f5
16.Qf3 Rac8 17.Rae1 Nc5 18.Nxd5 Qxb2 19.Ne7+ Nxe7 20.Bxe7 Rfe8 21.Bxc5 Rxc5
22.Re3 g6 23.Rfe1 Qb6 24.Qe2 Kf7 25.h4 h5 26.Qf3 Qd8 27.Qxb7+ Rc7 28.Qa6 Bc8
29.Qa5 Rxe3 30.Rxe3 Qxh4+ 31.Kg1 Qxf4 32.Qd5+ Kg7 33.Re8 Rb7 34.Bb5 a6 35.Qc5 Kh6
36.Bf1 Rb1 37.Qf8+ Kg5 38.Qe7+ Kg4 39.Qe2+ Kg5 40.Qe7+ Kg4  1-0

[Event "Leningrad"]
[Site "Leningrad"]
[Date "1984.??.??"]
[Round "?"]
[White "Ehlvest, Jaan"]
[Black "Szekely, Peter"]
[Result "1-0"]
[WhiteElo "2485"]
[BlackElo "2430"]

1.e4 c5 2.Nf3 d6 3.d4 cxd4 4.Nxd4 Nf6 5.Nc3 a6 6.Be3 e5 7.Nb3 Be6 8.Nd5 Nbd7
9.f3 Nxd5 10.exd5 Bf5 11.Qd2 Rc8 12.c4 Be7 13.Na5 Qc7 14.b4 O-O 15.Be2 Nb8
16.O-O b6 17.Nb3 Nd7 18.a4 a5 19.bxa5 bxa5 20.Nxa5 Nc5 21.Ra3 Bd7 22.Nc6 Bxc6
23.dxc6 Qxc6 24.a5 Rb8 25.Qd5 Qa6 26.f4 Rb2 27.Bh5 exf4 28.Bxf4 Ne6 29.Bxf7+ Rxf7
30.Qxe6 Qb7 31.Raf3 Bf6 32.Bxd6 h6 33.Kh1 Ra2 34.c5 Qb2 35.Rg1 Ra1 36.Rff1 Rxf1
37.Rxf1 Qb5 38.Rg1 g5 39.h3 Qxa5 40.Rf1  1-0

[Event "Leningrad"]
[Site "Leningrad"]
[Date "1984.??.??"]
[Round "?"]
[White "Ehlvest, Jaan"]
[Black "Radulov, Ivan"]
[Result "1-0"]
[WhiteElo "2485"]
[BlackElo "2465"]

1.e4 c5 2.Nf3 d6 3.d4 cxd4 4.Nxd4 Nf6 5.Nc3 e6 6.f4 Nc6 7.Be3 Bd7 8.Qe2 a6
9.O-O-O Qc7 10.g4 Nxd4 11.Rxd4 Bc6 12.g5 Nd7 13.Bh3 Be7 14.f5 exf5 15.Bxf5 Ne5
16.h4 g6 17.Bh3 h6 18.gxh6 Bxh4 19.Bd7+ Qxd7 20.Rxh4 Qe7 21.Rh1 O-O-O 22.a4 g5
23.b4 f5 24.b5 axb5 25.axb5 Bxe4 26.Nxe4 fxe4 27.Rxe4 Qf6 28.Bb6 Rdf8 29.Re1 Rxh6
30.Rxe5 dxe5 31.Qc4+ Kd7 32.Rd1+ Ke8 33.Rd8+ Qxd8 34.Bxd8 Kxd8 35.Qd5+ Ke7
36.Qxb7+ Kf6 37.Qc6+ Kg7 38.Qc7+ Kg6 39.Qxe5 Rf6 40.Qe8+ Kf5 41.Qd7+ Kf4
42.Qd4+ Kf3 43.Qd5+ Kf4 44.c4 Rd6 45.Qg2 Rd3 46.b6 Rhh3 47.Qf2+ Ke4 48.Qe2+ Kd4
49.b7 Rc3+ 50.Kd2 Rhd3+ 51.Qxd3+ Rxd3+ 52.Kc2 Rc3+ 53.Kb2 Rxc4 54.b8=Q g4
55.Qg3 Kd5 56.Qd3+ Kc5 57.Qf5+ Kd6 58.Kb3 Rd4 59.Kc3 Ra4 60.Qf6+ Kd7 61.Kb3  1-0

[Event "Leningrad"]
[Site "Leningrad"]
[Date "1984.??.??"]
[Round "4"]
[White "Gavrikov, Viktor"]
[Black "Ehlvest, Jaan"]
[Result "1-0"]
[WhiteElo "2485"]
[BlackElo "2485"]

1.Nf3 Nf6 2.c4 g6 3.d4 Bg7 4.Nc3 d5 5.Qa4+ Bd7 6.Qb3 dxc4 7.Qxc4 O-O 8.e4 Nc6
9.Be2 a6 10.e5 b5 11.Qc5 Ng4 12.h3 Nh6 13.Bf4 Rc8 14.Rd1 f6 15.e6 Be8 16.g4 g5
17.Bh2 Kh8 18.b4 Nb8 19.Nd5 Nc6 20.O-O Bg6 21.Nxf6 exf6 22.Qxc6 Qe7 23.a3 Rfd8
24.Rfe1 f5 25.Qxa6 fxg4 26.Ne5 gxh3 27.Bxb5 Ra8 28.Nxg6+ hxg6 29.Qc6 Rf8
30.Rd3 Qf6 31.Re2 Qf5 32.e7 Rfe8 33.Bxc7 Qg4+ 34.Kf1 Nf5 35.Qe4 Qh5 36.Bxe8 Rxe8
37.Bh2 Kh7 38.Qc6 Rxe7 39.Rxe7 Nxe7 40.Qe4  1-0

[Event "Leningrad"]
[Site "Leningrad"]
[Date "1984.??.??"]
[Round "10"]
[White "Ehlvest, Jaan"]
[Black "Tischbierek, Raj"]
[Result "1/2-1/2"]
[WhiteElo "2485"]
[BlackElo "2450"]

1.e4 c5 2.Nf3 d6 3.d4 cxd4 4.Nxd4 Nf6 5.Nc3 Nc6 6.Bc4 e6 7.Be3 a6 8.Qe2 Qc7
9.O-O-O Be7 10.Bb3 Na5 11.g4 b5 12.g5 Nxb3+ 13.axb3 Nd7 14.Nf5 exf5 15.Nd5 Qd8
16.exf5 Bb7 17.f6 gxf6 18.Rhe1 Bxd5 19.Rxd5 Rg8 20.h4 Rc8 21.f4 Kf8 22.Kb1 Rg6
23.Rf5 fxg5 24.hxg5 Kg8 25.Rd5 Re6 26.Qd3 Qc7 27.Re2 Qc6 28.Rh2 Nf8 29.Bd2 Qb6
30.Rg2 b4 31.f5 Re5 32.g6 hxg6 33.fxg6 Qc6 34.gxf7+ Kxf7 35.Rf2+ Ke8 36.Rd4 Ne6
37.Rxb4 Kd7 38.Bc3 Rh5 39.Re2 d5 40.Rg4 Qb5 41.Qf3 d4 42.Rge4 Rc6 43.Bxd4 Qf5  1/2-1/2

[Event "URS-ch51"]
[Site "Lvov"]
[Date "1984.??.??"]
[Round "?"]
[White "Novikov, Igor A"]
[Black "Ehlvest, Jaan"]
[Result "1/2-1/2"]
[WhiteElo "2420"]
[BlackElo "2480"]

1.d4 Nf6 2.c4 g6 3.Nc3 Bg7 4.e4 d6 5.f3 O-O 6.Nge2 a6 7.Be3 c6 8.a4 a5 9.Qd2 Na6
10.Rd1 Qc7 11.Nc1 e5 12.Be2 Ne8 13.O-O f5 14.dxe5 dxe5 15.Nb3 Nf6 16.Qd6 Qf7
17.Nxa5 Re8 18.Qa3 f4 19.Bf2 g5 20.c5 g4 21.Qb3 Qxb3 22.Nxb3 Bf8 23.Bc4+ Kh8
24.Rd2 Nc7 25.a5 Be7 26.Kh1 gxf3 27.gxf3 Bh3 28.Rfd1 Ne6 29.Bf1 Bxf1 30.Rxf1 Ng5
31.Bh4 h6 32.Bxg5 hxg5 33.h3 Kg7 34.Kg2 Rh8 35.Ne2 Kf7 36.Ng1 Ke6 37.Kf2 Nd7
38.Rc2 Nb8 39.Ke2 Na6 40.Rfc1 Nc7 41.Ra1 Nb5 42.Rc4 Ra6 43.Nc1  1/2-1/2

[Event "URS-FL"]
[Site "Sverdlovsk"]
[Date "1984.??.??"]
[Round "?"]
[White "Chernin, Alexander"]
[Black "Ehlvest, Jaan"]
[Result "1/2-1/2"]
[WhiteElo "2475"]
[BlackElo "2505"]

1.c4 Nf6 2.Nc3 g6 3.g3 Bg7 4.Bg2 O-O 5.d3 d6 6.Nf3 Nc6 7.O-O Rb8 8.Rb1 a6
9.Nd2 Nh5 10.e3 Bd7 11.d4 Nf6 12.Bf3 Nh5 13.Bg2 Nf6 14.Bf3 Nh5 15.Bg2  1/2-1/2

[Event "URS-FL"]
[Site "Sverdlovsk"]
[Date "1984.??.??"]
[Round "?"]
[White "Ehlvest, Jaan"]
[Black "Dolmatov, Sergey"]
[Result "1-0"]
[WhiteElo "2505"]
[BlackElo "2540"]

1.d4 d5 2.c4 e6 3.Nf3 Nf6 4.Nc3 Be7 5.Bg5 h6 6.Bh4 O-O 7.e3 b6 8.Rc1 Bb7
9.cxd5 Nxd5 10.Bg3 c5 11.Bd3 cxd4 12.exd4 Nd7 13.O-O N7f6 14.Ne5 Rc8 15.Qe2 Nxc3
16.bxc3 Qd5 17.f3 Rxc3 18.Bc4 Rxc1 19.Bxd5 Rxf1+ 20.Qxf1 Nxd5 21.Qb5 Rc8
22.Qd7 Rc1+ 23.Be1 Ba6 24.Qe8+ Kh7 25.Qxf7 Rxe1+ 26.Kf2 Rxe5 27.dxe5 Bc8
28.f4 Bc5+ 29.Kf3 Ne7 30.g4 Bb7+ 31.Kg3 Bd5 32.h4 a5 33.Kh3 a4 34.g5 a3 35.gxh6 Kxh6
36.Kg4 g6 37.Qf8+ Kh7 38.Qf7+ Kh6 39.Qf8+ Kh7 40.Qf7+ Kh8 41.Qf6+ Kg8 42.Kg5 Be4
43.Qxe6+ Kg7 44.Qf6+ Kh7 45.Qf7+ Kh8 46.Qe8+ Kg7 47.Qd7 Bb1 48.h5 gxh5 49.Kxh5 Bf5
50.Qb7 Kf7 51.Kg5 Ke6 52.Qa6 Kd5 53.Qa4 Bd3 54.Qd1 Kd4 55.Qa1+ Kc4 56.Qc1+ Kb5
57.Qd1 Bf5 58.Qb3+ Kc6 59.Qf3+ Kb5 60.Qb3+ Ka5 61.Qc4 Bb4 62.Kf6 Bb1 63.Kg5 b5
64.Qd4 Nc6 65.Qa1 Be4 66.f5 Bd2+ 67.Kg4 b4 68.e6 Bc3 69.Qd1 Nd4 70.e7 Bxf5+
71.Kf4 Bd7 72.Qh5+ Kb6 73.e8=Q Bxe8 74.Qxe8 Kc5 75.Ke4 Nb5 76.Qc8+ Kd6 77.Qa6+ Kc5
78.Qc8+ Kd6 79.Qd8+ Kc5 80.Qd5+ Kb6 81.Ke3 Nc7 82.Qd6+ Kb7 83.Ke4 Na6 84.Qd5+ Kb6
85.Qb5+ Ka7 86.Qc6 Nb8 87.Qc7+ Ka8 88.Kd5 Be1 89.Qd6  1-0

[Event "URS-FL"]
[Site "Sverdlovsk"]
[Date "1984.??.??"]
[Round "?"]
[White "Ehlvest, Jaan"]
[Black "Kharitonov, Andrei Y"]
[Result "1-0"]
[WhiteElo "2505"]
[BlackElo "2470"]

1.d4 Nf6 2.c4 e6 3.Nf3 Bb4+ 4.Nbd2 b6 5.e3 Bb7 6.Bd3 O-O 7.O-O c5 8.a3 Bxd2
9.Bxd2 d6 10.b4 Nbd7 11.Bc3 Qc7 12.Rc1 Rad8 13.Nd2 Rfe8 14.Bb1 Bc6 15.Re1 Qb7
16.d5 exd5 17.b5 dxc4 18.bxc6 Qxc6 19.Nxc4 d5 20.Nd2 Ne5 21.Ba1 Qd6 22.Qc2 Ng6
23.Red1 Qe6 24.Qf5 Qxf5 25.Bxf5 Nd7 26.Nb1 Ne7 27.Bg4 Nb8 28.Nc3 Nbc6 29.Bf3 d4
30.Nb5 dxe3 31.fxe3 h6 32.Kf2 Kh7 33.Bc3 f5 34.Nc7 Rxd1 35.Rxd1 Rd8 36.Ne6 Rxd1
37.Bxd1 g5 38.Bb3 Ng6 39.g4 Nce7 40.Bc2 Nh4 41.Bf6 Nd5 42.Be5 Ne7 43.Bd6  1-0

[Event "URS-FL"]
[Site "Sverdlovsk"]
[Date "1984.??.??"]
[Round "?"]
[White "Ehlvest, Jaan"]
[Black "Podgaets, Mikhail"]
[Result "1/2-1/2"]
[WhiteElo "2505"]
[BlackElo "2455"]

1.e4 e5 2.Nf3 Nf6 3.Bb5 a6 4.Ba4 Nc6 5.O-O Be7 6.Re1 b5 7.Bb3 d6 8.c3 O-O
9.h3 Re8 10.d4 Bb7 11.a4 h6 12.Nbd2 Bf8 13.Bc2 Rb8 14.Bb1 Bc8 15.Nf1 b4 16.Ng3 bxc3
17.bxc3 g6 18.Bd2 Na5 19.Ba2 Be6 20.c4 Nxc4 21.Bc3 Nb2 22.Qc2 Bxa2 23.Rxa2 Nc4
24.Qe2 exd4 25.Nxd4 Ne5 26.Qxa6 c5 27.Nc2 Rb3 28.Nf1 Qa8 29.Qxa8 Rxa8 30.Rd1  1/2-1/2

[Event "URS-FL"]
[Site "Sverdlovsk"]
[Date "1984.??.??"]
[Round "?"]
[White "Vaisser, Anatoli"]
[Black "Ehlvest, Jaan"]
[Result "1-0"]
[WhiteElo "2495"]
[BlackElo "2505"]

1.d4 d5 2.Nf3 e6 3.c4 c5 4.e3 Nf6 5.Nc3 Nc6 6.a3 a6 7.dxc5 Bxc5 8.b4 Ba7
9.Bb2 O-O 10.Qc2 Qe7 11.Rd1 Rd8 12.Be2 Bb8 13.O-O Bc7 14.Rd2 dxc4 15.Rxd8+ Qxd8
16.Rd1 Qe7 17.Ne4 Nxe4 18.Qxe4 Bd7 19.Bxc4 Be8 20.Qg4 Qf8 21.Ng5 h6 22.Nxe6 fxe6
23.Qxe6+ Kh7 24.Bd3+ Kh8 25.Qxh6+ Kg8 26.Qh7+  1-0

[Event "URS-FL"]
[Site "Sverdlovsk"]
[Date "1984.??.??"]
[Round "?"]
[White "Gorelov, Sergey G"]
[Black "Ehlvest, Jaan"]
[Result "1/2-1/2"]
[WhiteElo "2420"]
[BlackElo "2505"]

1.d4 d5 2.Nf3 e6 3.c4 c5 4.cxd5 cxd4 5.g3 Nf6 6.Bg2 Be7 7.O-O O-O 8.Nc3 Nc6
9.b3 Ne4 10.Bb2 Bf6 11.Na4 exd5 12.Nxd4 Bxd4 13.Bxd4 Re8 14.e3 Bf5 15.Rc1 Qd7
16.f3 Nd6 17.Bc5 Nb5 18.Qe2 Nc7 19.Rfd1 Rad8 20.Qf2 Qc8 21.Bd4 Bg6 22.h4 Qb8
23.Kh2 Ne6 24.Ba1 Ne7 25.Nc3 Nf5 26.f4 d4 27.exd4 Nexd4 28.Ne4 Nh6 29.Qb2 Ng4+
30.Kg1 Bxe4 31.Rxd4 Rxd4 32.Qxd4 Nf6 33.Bxe4 Rxe4 34.Qc5 Qd8 35.Qc8 Re8 36.Qxd8 Rxd8  1/2-1/2

[Event "URS-ch U26"]
[Site "Lvov"]
[Date "1985.??.??"]
[Round "?"]
[White "Aseev, Konstantin N"]
[Black "Ehlvest, Jaan"]
[Result "1/2-1/2"]
[WhiteElo "2455"]
[BlackElo "2505"]

1.e4 c5 2.Nf3 d6 3.d4 cxd4 4.Nxd4 Nf6 5.Nc3 a6 6.Be3 e6 7.Qd2 b5 8.f3 Nbd7
9.g4 Nb6 10.Qf2 Nfd7 11.f4 Na4 12.Nxa4 bxa4 13.Bg2 Bb7 14.e5 Bxg2 15.Qxg2 dxe5
16.Nc6 Qc7 17.Nxe5 Rc8 18.Nxd7 Qxd7 19.O-O  1/2-1/2

[Event "URS-ch U26"]
[Site "Lvov"]
[Date "1985.??.??"]
[Round "?"]
[White "Ehlvest, Jaan"]
[Black "Rozentalis, Eduardas"]
[Result "1/2-1/2"]
[WhiteElo "2505"]
[BlackElo "2490"]

1.d4 Nf6 2.c4 e6 3.Nf3 b6 4.g3 Bb7 5.Bg2 Be7 6.O-O O-O 7.Nc3 Ne4 8.Bd2 d6
9.d5 Nxd2 10.Nxd2 e5 11.f4 exf4 12.gxf4 Nd7 13.Nde4 g6 14.Nb5 Nc5 15.Ng3 Bf6
16.Rb1 Bg7 17.b4 Nd7 18.e4 Re8 19.a3 a6 20.Nd4 Qf6 21.Nge2 Re7 22.Rb3 Rae8
23.Qc2 Qh4 24.Rh3 Qf6 25.Kh1 Kh8 26.Nc6 Bxc6 27.dxc6 Nf8 28.Nc3 Qd4 29.Nd5 Rxe4
30.Bxe4 Rxe4 31.Rd3 Qxc4 32.Qxc4 Rxc4 33.Nxc7 Rxc6 34.Ne8 Bb2 35.Rf2 Ne6
36.f5 gxf5 37.Nxd6 Bd4 38.Nxf7+ Kg7 39.Rxf5 Rc1+ 40.Kg2 Rg1+ 41.Kh3 Kg6 42.Rff3 h5
43.Rd2 Rg4 44.Rg2  1/2-1/2

[Event "URS-ch U26"]
[Site "Lvov"]
[Date "1985.??.??"]
[Round "?"]
[White "Ehlvest, Jaan"]
[Black "Sturua, Zurab"]
[Result "0-1"]
[WhiteElo "2505"]
[BlackElo "2420"]

1.e4 d6 2.d4 Nf6 3.Nc3 g6 4.Nf3 Bg7 5.Be2 O-O 6.O-O Bg4 7.Be3 Nc6 8.d5 Bxf3
9.Bxf3 Ne5 10.Be2 c6 11.a4 a5 12.Qe1 Qc7 13.Rd1 e6 14.dxe6 fxe6 15.f4 Nf7
16.f5 exf5 17.exf5 d5 18.fxg6 hxg6 19.Kh1 Nd7 20.Rf3 Rae8 21.Rh3 Bf6 22.Rg3 Kg7
23.Qd2 Rh8 24.Bf4 Be5 25.Rf1 Rh4 26.Bxe5+ Qxe5 27.Qd3 Ng5 28.Kg1 Nc5  0-1

[Event "URS-ch U26"]
[Site "Lvov"]
[Date "1985.??.??"]
[Round "?"]
[White "Novikov, Igor A"]
[Black "Ehlvest, Jaan"]
[Result "1-0"]
[WhiteElo "2460"]
[BlackElo "2505"]

1.d4 Nf6 2.c4 e6 3.Nf3 c5 4.e3 d5 5.cxd5 exd5 6.Be2 cxd4 7.Nxd4 Bd6 8.b3 O-O
9.Bb2 Re8 10.O-O Nc6 11.Nc3 Re5 12.Ncb5 Rg5 13.Nxd6 Bh3 14.N6f5 Rxg2+ 15.Kh1 Ne4
16.Qe1 Qf6 17.f3 Nxd4 18.Bxd4 Qxf5 19.fxe4 Qxe4 20.Bf3 Qc2 21.Be5 Re8 22.Qh4  1-0

[Event "URS-ch U26"]
[Site "Lvov"]
[Date "1985.??.??"]
[Round "?"]
[White "Kharitonov, Andrei Y"]
[Black "Ehlvest, Jaan"]
[Result "1-0"]
[WhiteElo "2450"]
[BlackElo "2505"]

1.d4 e6 2.c4 Nf6 3.Nf3 b6 4.Nc3 Bb7 5.a3 d5 6.cxd5 Nxd5 7.Qc2 c5 8.dxc5 Bxc5
9.Bd2 O-O 10.e3 Nf6 11.Be2 Nbd7 12.O-O a6 13.Rfd1 h6 14.Be1 Qb8 15.b4 Be7
16.h3 Rc8 17.Qb3 Ne5 18.Nd4 Nd5 19.Rac1 Nxc3 20.Rxc3 Bd5 21.Rxc8+ Qxc8 22.Qb2 Bf6
23.Bc3 Nc4 24.Bxc4 Qxc4 25.Ne2 Bxc3 26.Nxc3 Bb7 27.Rd4 Qc6 28.e4 Rc8 29.Rd3 a5
30.Qd2 Qc4 31.b5 Kh7 32.Qe3 Rc5 33.a4 e5 34.Kh2 f5 35.f3 fxe4 36.fxe4 Qe6
37.Nd5 Kg8 38.Qf2 Kh7 39.Qe3 Rc2 40.Rd2 Rc4 41.Nxb6 Rxe4 42.Nd7 Qf7 43.Qd3 Kh8
44.Qg3 Qe7 45.b6 h5 46.Qf3 Qg5 47.Nc5 Qxd2 48.Nxe4 Qb2 49.Qxh5+ Kg8 50.Qe8+ Kh7
51.Nf6+  1-0

[Event "Tallinn"]
[Site "Tallinn"]
[Date "1985.??.??"]
[Round "?"]
[White "Yrjola, Jouni"]
[Black "Ehlvest, Jaan"]
[Result "1/2-1/2"]
[WhiteElo "2500"]
[BlackElo "2505"]

1.d4 Nf6 2.Nf3 g6 3.c4 Bg7 4.Nc3 d5 5.cxd5 Nxd5 6.e4 Nxc3 7.bxc3 O-O 8.Be3 b6
9.Rc1 Bb7 10.Bd3 Nd7 11.h4 e5 12.h5 Qe7 13.hxg6 hxg6 14.Ng5 exd4 15.cxd4 c5
16.d5 Ne5 17.Be2 Rfd8 18.f4 Nc6 19.Bc4 Rd6 20.dxc6 Rxd1+ 21.Rxd1 Bxc6 22.Bxf7+ Kf8
23.Bxg6 Bd7 24.f5 Rd8 25.Kf2 c4 26.Rxd7 Rxd7 27.Ne6+ Kg8 28.Bh7+ Kf7 29.Bg6+ Kg8
30.Bh7+ Kf7 31.Bg6+  1/2-1/2

[Event "Tallinn"]
[Site "Tallinn"]
[Date "1985.??.??"]
[Round "?"]
[White "Karner, Hillar"]
[Black "Ehlvest, Jaan"]
[Result "0-1"]
[WhiteElo "2390"]
[BlackElo "2505"]

1.d4 Nf6 2.Nf3 g6 3.g3 Bg7 4.Bg2 O-O 5.O-O d5 6.c3 Nc6 7.Ne5 Nxe5 8.dxe5 Ne4
9.f3 Nc5 10.Be3 Nd7 11.f4 c6 12.Nd2 f6 13.exf6 Nxf6 14.Qb3 g5 15.fxg5 Ng4
16.Bd4 Rxf1+ 17.Rxf1 e5 18.Bf2 Qxg5 19.Ne4 Qh6 20.h4 Ne3 21.Ng5 Nxg2 22.Kxg2 Qg6
23.c4 h6 24.Nf3 d4 25.c5+ Be6 26.Qxb7 Rf8 27.Qe7 Bd5  0-1

[Event "Tallinn"]
[Site "Tallinn"]
[Date "1985.??.??"]
[Round "?"]
[White "Kiik, A."]
[Black "Ehlvest, Jaan"]
[Result "1/2-1/2"]
[WhiteElo "2200"]
[BlackElo "2505"]

1.e4 c5 2.d3 e6 3.Nf3 Nc6 4.g3 d5 5.Nbd2 Bd6 6.Bg2 Nge7 7.O-O O-O 8.Re1 Bc7
9.Qe2 a5 10.Nf1 a4 11.a3 h6 12.h4 f5 13.exd5 exd5 14.h5 f4 15.Bxf4 Bxf4 16.gxf4 Rxf4
17.Qe3 Qf8 18.Ne5 d4 19.Qd2 Rf5 20.Nxc6 Nxc6 21.Ng3 Rg5 22.Re4 Bd7 23.Rf4 Qb8
24.Re1 Qc7 25.Rfe4 Rf8 26.Qe2 Kh8 27.Bf3 Qb6 28.Bg4 Bxg4 29.Rxg4 Ne5 30.Rxg5 Nf3+
31.Kf1 Nxg5 32.Qe7 Qf6 33.Qxf6 Rxf6 34.Re5 Rb6 35.Rxc5 Rxb2 36.Nf5 Ne6 37.Re5 Nf4
38.Nxd4 Ra2 39.f3 Rxa3 40.Rf5 Nxd3 41.cxd3  1/2-1/2

[Event "Tallinn"]
[Site "Tallinn"]
[Date "1985.??.??"]
[Round "?"]
[White "Ehlvest, Jaan"]
[Black "Dolmatov, Sergey"]
[Result "1/2-1/2"]
[WhiteElo "2505"]
[BlackElo "2540"]

1.d4 e6 2.Nf3 d5 3.c4 Nf6 4.Nc3 Be7 5.Bg5 h6 6.Bxf6 Bxf6 7.e3 O-O 8.Qc2 c5
9.dxc5 Nc6 10.cxd5 exd5 11.Be2 Qa5 12.Qd2 Rd8 13.Rc1 Qxc5 14.Ne4 Qe7 15.Nxf6+ Qxf6
16.Nd4 Nxd4 17.Qxd4 Qxd4 18.exd4  1/2-1/2

[Event "Tallinn"]
[Site "Tallinn"]
[Date "1985.??.??"]
[Round "?"]
[White "Ehlvest, Jaan"]
[Black "Karolyi, Tibor Jr"]
[Result "0-1"]
[WhiteElo "2505"]
[BlackElo "2445"]

1.e4 e5 2.Nf3 Nc6 3.Bb5 a6 4.Ba4 g6 5.O-O Bg7 6.c3 d6 7.d4 Bd7 8.Bb3 Nf6
9.Ng5 O-O 10.f4 Qe7 11.fxe5 dxe5 12.d5 Na5 13.Bc2 Nc4 14.Qe2 Nd6 15.c4 Nh5
16.Nc3 Nf4 17.Bxf4 exf4 18.Nf3 b5 19.c5 Nc4 20.d6 cxd6 21.Nd5 Qd8 22.cxd6 Bg4
23.h3 Bxf3 24.Rxf3 Qxd6 25.Rxf4 Bxb2 26.Rd1 Qc5+ 27.Kh1 Be5 28.Rf3 a5 29.Rdf1 a4
30.Bd3 Kg7 31.Rc1 Rac8 32.Rc2 Qd4 33.Rf1 Bd6 34.g4 Rc5 35.Rd1 Qe5 36.Bxc4 Rxc4
37.Rxc4 bxc4 38.Nb6 c3 39.Nc4 Qb5 40.Rxd6 Rc8 41.Rd4 Qb1+ 42.Kg2 c2 43.Na3 Qc1
44.Rd3 Qxa3 45.Rxa3 c1=Q 46.Qe3 Rc2+ 47.Kg3 Qf1 48.Kh4 h6 49.Rxa4 g5+ 50.Kh5 Qf6
51.Qd4 Qxd4 52.Rxd4 Rc3  0-1

[Event "Tallinn"]
[Site "Tallinn"]
[Date "1985.??.??"]
[Round "?"]
[White "Ehlvest, Jaan"]
[Black "Kochyev, Alexander"]
[Result "1/2-1/2"]
[WhiteElo "2505"]
[BlackElo "2465"]

1.d4 Nf6 2.c4 d6 3.Nc3 Nbd7 4.e4 e5 5.Nf3 c6 6.Be2 g6 7.d5 Nc5 8.Bg5 cxd5
9.cxd5 Be7 10.Be3 Qa5 11.Bb5+ Bd7 12.Bxd7+ Nfxd7 13.O-O O-O 14.Nd2 Rfc8  1/2-1/2

[Event "Tallinn"]
[Site "Tallinn"]
[Date "1985.??.??"]
[Round "?"]
[White "Ehlvest, Jaan"]
[Black "Rogers, Ian"]
[Result "1-0"]
[WhiteElo "2505"]
[BlackElo "2485"]

1.Nf3 Nf6 2.d4 e6 3.c4 c5 4.d5 b5 5.dxe6 fxe6 6.cxb5 d5 7.Nc3 Bb7 8.e4 dxe4
9.Qxd8+ Kxd8 10.Ne5 Ke8 11.Bf4 Bd6 12.Rd1 Bd5 13.Ng6 hxg6 14.Bxd6 Nbd7 15.Be2 Kf7
16.O-O Rac8 17.b3 Rhd8 18.Bf4 Nb6 19.Be3 Nfd7 20.Rd2 Ne5 21.Rfd1 Rh8 22.Bf4 Kf6
23.Bf1 Kf5 24.Bxe5 Kxe5 25.Re1 Rhd8 26.Nxe4 Bxe4 27.Rde2 Rd4 28.f3 Rcd8 29.Rxe4+ Rxe4
30.Rxe4+ Kf6 31.a4 Rd1 32.Kf2 Ra1 33.Bc4 Nd5 34.Re2 g5 35.g3 Rh1 36.Kg2 Rc1
37.Kf2 Rh1 38.Kg2 Rc1 39.a5 Ra1 40.a6 Ra5 41.Kh3 Nc7 42.Kg4 e5 43.Rd2 Ke7
44.Kxg5 Nxb5 45.b4 Nd4 46.Rxd4  1-0